Zgadnij jaka to flaga edycja łatwa - Statystyki

Ogólne statystyki
  • Ten quiz został rozwiązany 42 razy
  • Średni wynik to 15 z 16
Statystyki odpowiedzi
Obrazkowy Odpowiedź % Poprawnych
chiny
100%
francja
100%
hiszpania
100%
japonia
100%
niemcy
100%
polska
100%
rosja
100%
brazylia
97%
szwecja
97%
ukraina
97%
włochy
97%
czechy
94%
grecja
94%
usa
94%
białoruś
88%
litwa
78%
Nie znaleziono quizów pasujących do podanych kryteriów
Rozkład punktacji
Procent ludzi z każdym wynikiem
Percentyl według liczby udzielonych odpowiedzi
Twoja historia wyników
Nie rozwiązałeś tego quizu